ខ្ញុំអាយុ១៤ឆ្នាំ / (Record no. 10146)
[ view plain ]
| 000 -LEADER | |
|---|---|
| fixed length control field | 02225nam a22002897a 4500 |
| 001 - CONTROL NUMBER | |
| control field | 10146 |
| 003 - CONTROL NUMBER IDENTIFIER | |
| control field | FISKH |
| 005 - DATE AND TIME OF LATEST TRANSACTION | |
| control field | 20260428161900.0 |
| 008 - FIXED-LENGTH DATA ELEMENTS--GENERAL INFORMATION | |
| fixed length control field | 260427b cb ||||| |||| 00| 0 eng d |
| 020 ## - INTERNATIONAL STANDARD BOOK NUMBER | |
| International Standard Book Number | 9789924341857 |
| 040 ## - CATALOGING SOURCE | |
| Original cataloging agency | FISKH |
| Language of cataloging | khr |
| Transcribing agency | FISKH |
| Modifying agency | FISKH |
| 082 ## - DEWEY DECIMAL CLASSIFICATION NUMBER | |
| Classification number | 895.9329 |
| 100 ## - MAIN ENTRY--PERSONAL NAME | |
| Personal name | Witek , Jo |
| 245 ## - TITLE STATEMENT | |
| Title | ខ្ញុំអាយុ១៤ឆ្នាំ / |
| Statement of responsibility, etc. | និពន្ធដោយ ហ្សូ វីតេក , បកប្រែពីភាសាបារាំងដោយ ឡាច រតនា , រូបភាពដោយ សេង វិសុទ្ធ |
| 260 ## - PUBLICATION, DISTRIBUTION, ETC. | |
| Place of publication, distribution, etc. | ភ្នំពេញ : |
| Name of publisher, distributor, etc. | គ្រឹះស្ថានបោះពុម្ពផ្សាយ Sipar , |
| Date of publication, distribution, etc. | 2023. |
| 300 ## - PHYSICAL DESCRIPTION | |
| Extent | 125 pages : |
| Other physical details | illustrations ; |
| Dimensions | 19 cm. |
| 505 ## - FORMATTED CONTENTS NOTE | |
| Formatted contents note | S <br/> |
| 520 ## - SUMMARY, ETC. | |
| Summary, etc. | វិស្សមកាលនេះ ខ្ញុំត្រលប់មកផ្ទះដោយអង្គុយលើម៉ូតូម៉ូប៊ីឡែតពីក្រោយពូប្លាប្លា ។ ទោះជាឈីគូថក៏ដោយ ក៏ខ្ញុំរីករាយ និងរំពឹងត្រឡប់ទៅជួបគ្រួសារដែរ ។ តែខ្ញុំអាយុ14ឆ្នាំ ហើយនេះមិនមែនជាដំណឹងល្អទេ ។ ខ្ញុំពេញវ័យហើយ ហើយនេះមិនមែនជាដំណឹងល្អទេ ។ ខ្ញុំគ្រប់ការហើយ ហើយនេះមិនមែនជាដំណឹងល្អទេ ។ |
| 520 ## - SUMMARY, ETC. | |
| Summary, etc. | This vacation, I returned home sitting on the back of my uncle’s motorbike. Even though it was uncomfortable, I was happy and excited to see my family again. But I am 14 years old now, and that is not good news. I am growing up, and that is not good news. I feel like I have to deal with everything, and that is not good news. |
| 521 8# - TARGET AUDIENCE NOTE | |
| Target audience note | 790 <br/><br/> |
| Source | Lexile estimate <br/> |
| 521 8# - TARGET AUDIENCE NOTE | |
| Target audience note | S <br/> |
| Source | Raz-Plus <br/><br/> |
| 650 ## - SUBJECT ADDED ENTRY--TOPICAL TERM | |
| Topical term or geographic name entry element | ខ្ញុំអាយុ១៤ឆ្នាំ |
| Form subdivision | ប្រលោមលោក |
| 650 ## - SUBJECT ADDED ENTRY--TOPICAL TERM | |
| Topical term or geographic name entry element | I am 14 years old |
| Form subdivision | Fiction |
| 700 ## - ADDED ENTRY--PERSONAL NAME | |
| Personal name | Visoth , Seng |
| Relator term | Illustrator |
| 942 ## - ADDED ENTRY ELEMENTS (KOHA) | |
| Source of classification or shelving scheme | Dewey Decimal Classification |
| Koha item type | Khmer Books |
| Suppress in OPAC | No |
| Withdrawn status | Lost status | Source of classification or shelving scheme | Damaged status | Not for loan | Collection | Home library | Current library | Shelving location | Date acquired | Total Checkouts | Full call number | Barcode | Date last seen | Copy number | Price effective from | Koha item type |
|---|---|---|---|---|---|---|---|---|---|---|---|---|---|---|---|---|
| Dewey Decimal Classification | Khmer Language Books / សៀវភៅភាសាខ្មែរ | Footprints International School Library Network Toul Tom Poung Campus | Footprints International School Library Network Toul Tom Poung Campus | TTP Secondary Khmer Bookshelves | 04/27/2026 | VIT 895.9329 | 2026-0538 | 04/27/2026 | 1 | 04/27/2026 | Khmer Books | |||||
| Dewey Decimal Classification | Khmer Language Books / សៀវភៅភាសាខ្មែរ | Footprints International School Library Network Toul Tom Poung Campus | Footprints International School Library Network Toul Tom Poung Campus | TTP Secondary Khmer Bookshelves | 04/27/2026 | VIT 895.9329 | 2026-0539 | 04/27/2026 | 2 | 04/27/2026 | Khmer Books |
